000 01202nam0a22002891 4500
001 rc\4834347
005 20130426141646.1
021 _aRU
_b[60-76553]
035 _a(NLR Aleph) 008890449
090 _a8639145
_c8639145
100 _a20130426d1960 |||y0rusy50 ca
101 0 _arus
102 _aRU
105 _aa z |||||
200 1 _aОборудование подъемных установок
_eОбзор
_fГос. науч.-техн. ком. Совета Министров СССР. Центр. ин-т техн. информации угольной пром-сти
210 _aМосква
_cБ. и.
_d1960
215 _a94 с.
_cил.
_d22
225 1 _a[Зарубежная техника]
_iСерия "Техника угольной промышленности за рубежом"
320 _aБиблиогр.: с. 90-93 (76 назв.)
606 _aРудничные подъемные машины
_2psbo
700 1 _aТерехов
_bС. Д.
_gСергей Дмитриевич
701 1 _aПопова
_bА. В.
_gАлла Вениаминовна
801 0 _aRU
_bNLR
_gpsbo
801 1 _aRU
_bELAR
_2rusmarc
852 _aNLR
_j60-6/8870
942 _cBOOK
980 _aNB